000 00234as aa2200109a 44500
090 _aSERIADAS
_b01543
245 1 0 _aProcuenca en Marcha
260 _bPROCUENCA
_aColombia
310 _aIRREGULAR
041 0 _aEspaƱol
942 _cREVISTA
999 _c17305
_d17305